Problémy starých občanů se sníženou soběstačností sonda
Guardado en:
| Autor principal: | |
|---|---|
| Formato: | Libro |
| Lenguaje: | checo inglés |
| Publicado: |
Bratislava
Výskumný ústav práce a sociálnych vecí, pobočka Praha
1991
|
| Materias: | |
| Etiquetas: |
Sin Etiquetas, Sea el primero en etiquetar este registro!
|
MARC
| LEADER | 00000nam a2200000 4500 | ||
|---|---|---|---|
| 001 | c108507 | ||
| 005 | 20240417112423.1 | ||
| 020 | |a 80-7138-046-6 | ||
| 041 | 0 | |a cze | |
| 041 | 0 | |a eng | |
| 044 | |a SK | ||
| 245 | 1 | 0 | |a Problémy starých občanů se sníženou soběstačností |b sonda |c Hana Kasalová ; odborná spolupráca: Věra Schimmerlingová |
| 264 | 1 | |a Bratislava |b Výskumný ústav práce a sociálnych vecí, pobočka Praha |c 1991 | |
| 300 | |a 78 s. | ||
| 610 | 2 | 0 | |a starostlivosť o prestárlych |
| 610 | 2 | 0 | |a dôchodcovia |
| 610 | 2 | 0 | |a starostlivosť sociálna |
| 610 | 2 | 0 | |a starostlivosť zdravotná |
| 610 | 2 | 0 | |a zabezpečenie sociálne |
| 610 | 2 | 0 | |a zariadenia starostlivosti sociálnej |
| 610 | 2 | 0 | |a občania |
| 100 | 1 | |a Kasalová, Hana | |